000 01935cam a22002054a 4500
005 20250605164401.0
008 250528s ||||||||||||||||||||||||d
035 _a24592
040 _aGR-AtMCL
_bgre
_dGR-AtMCL
_eAACR2
245 1 _aΕπιθεώρηση Κλινικής Φαρμακολογίας και Φαρμακοκινητικής
260 _bElsevier'S Bibliographic Databases,
_c2019
300 _a70
520 _aΕπιπτώσεις της Ποιότητας του Ύπνου κατά την Περιγεννητική Περίοδο στην Ψυχική και Σψματική Υγεία της Γυναίκας, Φυσικουεραπεία σε Αστικό Πληθυσμό της Τρίτης Ηλικίας - Βαθμός Ικανοποίησης και Αντίληψη των Ασθενών με Μυοσκελετικά Προβλήματα, Συσχέτιση της Χρόνιας Νόσου του Καπνίσματος κατά τη Διάρκεια της Κύησης με τις Δυσμενείς Επιδράσεις στην Υγελια και την Ανάπτυξη του Νεογνού και του Βρέφους, Βραχυπρόθεσμα και Μακροπρόθεσμα Οφέλη του Μητρικού Θηλασμού για τα Βρέφη και τις Μητέρες: Βιβλιογραφική Ανασκόπηση, Ο Ρόλος της Μαίας και οι Στρατηγικές Διακοπής Καπνίσματος στην Περιγεννητική Περίοδο, Φαρμακευτική Διαδικασία της Διακοπής της Κύησης, Μαιευτική Φροντίδα της Καπνίστριας Λεωχίδας που Θηλάζει.
700 1 _aΠλέσσας Σταύρος Τ
_94075
700 1 _aΠλέσσας Χαράλαμπος Τ
_99428
942 _cCR
999 _c9462
_d9462